Perjalanan ibuku

Bibliographic Details
Main Author: Najib A.H
Format: Book
Published: Selangor : Penerbit idaman , 2005
Series:Siri teladan bestari
Subjects:

MARC

LEADER 00000cam a2200000 7i4500
001 0000003984
005 20151222.0
008 070724
020 |a 9832666961 
090 0 0 |a JF   |b MOR MAL (5115) 
100 0 |a Najib A.H 
245 1 0 |a Perjalanan ibuku   |c Najib A.H 
260 |a Selangor :   |b Penerbit idaman ,   |c 2005 
440 |a Siri teladan bestari 
500 |a Children ages 7-9 years old (orange) 
650 0 |a Readers   |x Moral 
999 |a 0000975457   |b Book   |c Children Collection   |e Perbadanan Perpustakaan Awam Johor 
999 |a 0000975459   |b Book   |c Children Collection   |e Perbadanan Perpustakaan Awam Johor